Statistics for Animals beginning with the letter O (pictures)

Click here to take the quiz!

General Stats

  • This quiz has been taken 256 times
  • The average score is 9 of 11

Answer Stats

Answer% Correct
Ostrich
98%
Orca
96%
Owl
95%
Otter
93%
Octopus
89%
Oyster
88%
Opossum
78%
Ocelot
71%
Ox
68%
Osprey
57%
Oryx
43%

Score Distribution

Percentile by Number Answered

Percent of People with Each Score

Your Score History

You have not taken this quiz